[Event "Oceania-ch U20"]
[Site "Auckland"]
[Date "2019.01.12"]
[Round "9"]
[White "Jiang, Bill"]
[Black "Cronin, Henry"]
[Result "1-0"]
[WhiteElo "2006"]
[BlackElo "1933"]
[PlyCount "71"]
[EventDate "2019.01.08"]
[EventType "swiss"]
[EventRounds "9"]
[EventCountry "NZL"]
[SourceTitle "EXT 2020"]
[Source "ChessBase"]
[SourceDate "2019.10.17"]
[SourceVersion "1"]
[SourceVersionDate "2019.10.17"]
[SourceQuality "1"]

1. Nf3 Nf6 2. c4 c5 3. Nc3 Nc6 4. g3 g6 5. Bg2 Bg7 6. 0-0 0-0 7. a3 d5 8. cxd5 Nxd5 9. Qc2 Nxc3 10. dxc3 Qc7 11. h3 b6 12. Rd1 Bb7 13. Qa4 Rfd8 14. Be3 Rxd1+ 15. Rxd1 Rd8 16. Rxd8+ Qxd8 17. Ng5 Qc7 18. Bd5 e6 19. Be4 Qc8 20. Kh2 a6 21. Qd1 Qd8 22. Qc1 Qa8 23. Qd2 Qd8 24. Qc2 h6 25. Nf3 Kh7 26. Nd2 f5 27. Bg2 Qf6 28. Nc4 Qd8 29. Qd3 Qc7 30. Qd6 Qxd6 31. Nxd6 Ba8 32. Nc8 b5 33. Bxc5 e5 34. Bd5 Bf6 35. Na7 Nxa7 36. Bxa8 1-0

[Event "Oceania-ch U20"]
[Site "Auckland"]
[Date "2019.01.10"]
[Round "5"]
[White "Yang, Ray"]
[Black "Jiang, Bill"]
[Result "1/2-1/2"]
[WhiteElo "2065"]
[BlackElo "2006"]
[PlyCount "119"]
[EventDate "2019.01.08"]
[EventType "swiss"]
[EventRounds "9"]
[EventCountry "NZL"]
[SourceTitle "EXT 2020"]
[Source "ChessBase"]
[SourceDate "2019.10.17"]
[SourceVersion "1"]
[SourceVersionDate "2019.10.17"]
[SourceQuality "1"]

1. d4 Nf6 2. c4 g6 3. Nf3 Bg7 4. g3 0-0 5. Bg2 d6 6. Nc3 Nbd7 7. 0-0 c6 8. e4 e5 9. h3 h6 10. Be3 Kh7 11. Qc2 Qc7 12. Rfd1 b6 13. dxe5 dxe5 14. b4 Ba6 15. c5 bxc5 16. bxc5 Rab8 17. Qa4 Bb5 18. Nxb5 Rxb5 19. Bf1 Rxc5 20. Bxc5 Nxc5 21. Qc2 Ncxe4 22. Re1 Ng5 23. Nxg5+ hxg5 24. Rac1 Qa5 25. Qxc6 Qxa2 26. Ra1 Qb2 27. Rxa7 Qd4 28. Ra4 Qb2 29. Re2 Qb8 30. Qc1 Rd8 31. Bg2 Qb3 32. Ra1 g4 33. Rb1 Qe6 34. hxg4 Nxg4 35. Bh3 Qf5 36. Rb4 Rd4 37. Qe1 Qh5 38. Bxg4 Qxg4 39. Re4 Qxe4 40. Qxe4 Rxe4 41. Rxe4 f5 42. Rh4+ Bh6 43. Ra4 Kg7 44. Ra6 Bd2 45. Kf1 e4 46. Ke2 Bg5 47. Kd1 Kf7 48. Kc2 Bf6 49. Kd2 Bd4 50. Ke2 Kg7 51. g4 Bf6 52. Ke3 Bh4 53. Ra7+ Kf6 54. Rh7 Kg5 55. gxf5 gxf5 56. Rh8 Kg4 57. Ke2 Bg5 58. Rf8 Kf4 59. Ra8 Bh4 60. Ra4 1/2-1/2

[Event "Oceania-ch U20"]
[Site "Auckland"]
[Date "2019.01.08"]
[Round "2"]
[White "Chan, Luis"]
[Black "Jiang, Bill"]
[Result "1/2-1/2"]
[WhiteElo "2265"]
[BlackElo "2006"]
[PlyCount "23"]
[EventDate "2019.01.08"]
[EventType "swiss"]
[EventRounds "9"]
[EventCountry "NZL"]
[SourceTitle "EXT 2020"]
[Source "ChessBase"]
[SourceDate "2019.10.17"]
[SourceVersion "1"]
[SourceVersionDate "2019.10.17"]
[SourceQuality "1"]

1. d4 Nf6 2. c4 e6 3. Nc3 Bb4 4. f3 c5 5. e3 0-0 6. Bd3 d5 7. cxd5 cxd4 8. exd4 Nxd5 9. Nge2 Qh4+ 10. g3 Qh5 11. 0-0 Nc6 12. Nxd5 1/2-1/2

[Event "Australian op"]
[Site "Melbourne"]
[Date "2018.12.28"]
[Round "2"]
[White "Jiang, Bill"]
[Black "Clarke, Brandon GI"]
[Result "1/2-1/2"]
[WhiteElo "2006"]
[BlackElo "2386"]
[PlyCount "150"]
[EventDate "2018.12.27"]
[EventType "swiss"]
[EventRounds "9"]
[EventCountry "AUS"]
[SourceTitle "CBM 188 Extra"]
[Source "ChessBase"]
[SourceDate "2019.02.26"]
[SourceVersion "1"]
[SourceVersionDate "2019.02.26"]
[SourceQuality "1"]

1. d4 Nf6 2. Nf3 g6 3. g3 Bg7 4. Bg2 0-0 5. 0-0 d6 6. c4 Nc6 7. Nc3 e5 8. dxe5 dxe5 9. Bg5 Qxd1 10. Rfxd1 h6 11. Be3 Kh7 12. Nb5 Ne8 13. Bc5 Rh8 14. Nd2 f5 15. Bxc6 bxc6 16. Na3 a5 17. Rac1 Bf6 18. Nab1 Ng7 19. Ba3 a4 20. Nf3 Ne6 21. e3 g5 22. Ne1 Kg6 23. Nc3 h5 24. Nd3 h4 25. f3 hxg3 26. hxg3 g4 27. fxg4 fxg4 28. Nf2 Ng5 29. Kg2 Bf5 30. e4 Be6 31. Rh1 Nh3 32. Ncd1 Bg5 33. Rc2 Rh7 34. Nd3 Bf6 35. N1f2 Nxf2 36. Nxf2 Rxh1 37. Kxh1 Rd8 38. Bc5 Bg5 39. Kg2 Bd2 40. Kf1 Ba5 41. Ke2 Rh8 42. b3 axb3 43. axb3 Rb8 44. Nd3 Rxb3 45. Nxe5+ Kh5 46. Nxc6 Bc3 47. Kf2 Bxc4 48. Bd4 Bxd4+ 49. Nxd4 Rb4 50. Nc6 Ra4 51. Ne5 Bb3 52. Rxc7 Rxe4 53. Nd7 Ra4 54. Rc5+ Kh6 55. Nf6 Bd1 56. Rc3 Ra2+ 57. Ke3 Re2+ 58. Kd4 Re6 59. Nd5 Bf3 60. Ne3 Kg6 61. Nc4 Re4+ 62. Kc5 Re2 63. Kd4 Kg5 64. Ne5 Re4+ 65. Kd5 Re3+ 66. Kd4 Re4+ 67. Kd5 Bg2 68. Ke6 Re1 69. Rc8 Rf1 70. Rg8+ Kh5 71. Rh8+ Kg5 72. Nf7+ Kg6 73. Rg8+ Kh7 74. Rxg4 Bd5+ 75. Kxd5 Rxf7 1/2-1/2